| 000 | 00988pam a2200301 4500 | ||
|---|---|---|---|
| 001 | 5888 | ||
| 003 | BD-RjUL | ||
| 005 | 20211208234140.0 | ||
| 008 | 140108s1972 enk b 001 0 eng | ||
| 020 |
_a0080170641 _a008017065X (pbk) |
||
| 035 | _a(BD-RjUL)5927 | ||
| 040 |
_aDLC _cDLC _dDLC _dBD-RjUL _beng |
||
| 041 | _aeng | ||
| 082 | 0 | 0 |
_a361 _bDAC 1972 |
| 100 | 1 |
_aDay, Peter Russell, _d1933- _918508 |
|
| 245 | 1 | 0 |
_aCommunication in social work / _cPeter R. Day. |
| 250 | _a[1st ed.] | ||
| 260 |
_aOxford ; _aNew York : _bPergamon Press , _cc1972 |
||
| 300 |
_avii, 121 p. ; _c21 cm. |
||
| 490 | 0 | _aCommonwealth and international library. Social work division | |
| 504 | _aBibliography: p. 111-115. and index. | ||
| 650 | 0 |
_aSocial service. _918509 |
|
| 650 | 0 |
_aCommunication _xSocial aspects. _92735 |
|
| 856 | _uhttp://www.worldcat.org/title/communication-in-social-work/oclc/416950&referer=brief_results | ||
| 942 |
_2ddc _cBK |
||
| 999 |
_c5888 _d5888 |
||